00888cam a2200265 a 4500001000800000005001700008008004100025010001700066020002600083040002300109041000800132060002200140080001200162082001600174100000600190101000900196240003500205245009100240504006400331740003600395906004500431942001200476999001700488952011700505441561320180827040358.0930719s1993 enka b 001 0 eng c a 93028473  a075061336X :c£49.50 aDNLM/DLCcDLCdDLC aeng00aWF 102 N972a 1993 a612.20200a612.2022201 a9 aFIZI10aApplied respiratory physiology10aNunn's applied respiratory physiology /cJ.F. Nunn ; foreword by John W. Severinghaus. aIncludes bibliographical references (p. 594-643) and index.0 aApplied respiratory physiology. a7bcbccorignewd1eocipf19gy-gencatlg 2ddccBK c47329d47329 00102lcc40708PËKGa002b002cPËKGd2018-08-27l0o612.202 NUNp002-3011488r2018-08-27w2018-08-27yBK